Music Quiz

Random Music or Song Quiz

Lady Gaga Tour Setlists Quiz Stats

 Plays Quiz not verified by Sporcle

Score 0/146 Timer 10:00
0 Plays Today
Tour Song % Correct
The Monster Ball 1.0Poker Face (acoustic)
94.7%
The Fame BallPoker Face (acoustic)
94.7%
The Fame BallPoker Face
94.7%
The Monster Ball 1.0Poker Face
94.7%
The Monster Ball 2.0Poker Face
94.7%
Born This Way BallPoker Face
94.7%
artRAVE: The ARTPOP BallPoker Face
94.7%
The Joanne World TourPoker Face
94.7%
ENIGMAPoker Face
94.7%
The Fame BallPaparazzi
89.5%
The Fame BallJust Dance
89.5%
The Monster Ball 1.0Just Dance
89.5%
The Monster Ball 1.0Paparazzi
89.5%
The Monster Ball 2.0Just Dance
89.5%
The Monster Ball 2.0Paparazzi
89.5%
Born This Way BallJust Dance
89.5%
Born This Way BallPaparazzi
89.5%
artRAVE: The ARTPOP BallJust Dance
89.5%
artRAVE: The ARTPOP BallPaparazzi
89.5%
The Joanne World TourJust Dance
89.5%
The Joanne World TourPaparazzi
89.5%
ENIGMAJust Dance
89.5%
ENIGMAPaparazzi
89.5%
The Monster Ball 1.0Bad Romance
84.2%
The Monster Ball 2.0Bad Romance
84.2%
Born This Way BallBad Romance
84.2%
artRAVE: The ARTPOP BallBad Romance
84.2%
The Joanne World TourBad Romance
84.2%
ENIGMABad Romance
84.2%
The Fame BallLoveGame
78.9%
The Fame BallThe Fame
78.9%
The Monster Ball 1.0LoveGame
78.9%
The Monster Ball 1.0The Fame
78.9%
The Monster Ball 2.0The Fame
78.9%
The Monster Ball 2.0LoveGame
78.9%
The Monster Ball 2.0Born This Way
78.9%
Born This Way BallBorn This Way
78.9%
Born This Way BallLoveGame
78.9%
Born This Way BallBorn This Way (acoustic)
78.9%
artRAVE: The ARTPOP BallBorn This Way (acoustic)
78.9%
The Joanne World TourLoveGame
78.9%
The Joanne World TourBorn This Way
78.9%
ENIGMALoveGame
78.9%
ENIGMAThe Fame
78.9%
ENIGMABorn This Way
78.9%
The Fame BallBoys Boys Boys
73.7%
The Fame BallBrown Eyes
73.7%
The Monster Ball 1.0Monster
73.7%
The Monster Ball 1.0Boys Boys Boys
73.7%
Tour Song % Correct
The Monster Ball 2.0Boys Boys Boys
73.7%
The Monster Ball 2.0Yoü and I
73.7%
The Monster Ball 2.0Monster
73.7%
The Monster Ball 2.0Brown Eyes
73.7%
Born This Way BallYoü and I
73.7%
artRAVE: The ARTPOP BallYoü and I
73.7%
ENIGMAYoü and I
73.7%
The Fame BallBeautiful, Dirty, Rich
68.4%
The Fame BallMoney Honey
68.4%
The Fame BallEh, Eh (Nothing Else I Can Say)
68.4%
The Monster Ball 1.0Alejandro
68.4%
The Monster Ball 1.0Teeth
68.4%
The Monster Ball 1.0Money Honey
68.4%
The Monster Ball 1.0Beautiful, Dirty, Rich
68.4%
The Monster Ball 1.0Eh, Eh (Nothing Else I Can Say)
68.4%
The Monster Ball 2.0Beautiful, Dirty, Rich
68.4%
The Monster Ball 2.0Money Honey
68.4%
The Monster Ball 2.0Telephone
68.4%
The Monster Ball 2.0Teeth
68.4%
The Monster Ball 2.0Alejandro
68.4%
Born This Way BallJudas
68.4%
Born This Way BallTelephone
68.4%
Born This Way BallAlejandro
68.4%
Born This Way BallThe Edge of Glory
68.4%
artRAVE: The ARTPOP BallARTPOP
68.4%
artRAVE: The ARTPOP BallTelephone
68.4%
artRAVE: The ARTPOP BallThe Edge of Glory
68.4%
artRAVE: The ARTPOP BallJudas
68.4%
artRAVE: The ARTPOP BallAlejandro
68.4%
The Joanne World TourAlejandro
68.4%
The Joanne World TourTelephone
68.4%
The Joanne World TourThe Edge of Glory (acoustic)
68.4%
The Joanne World TourMillion Reasons
68.4%
ENIGMABeautiful, Dirty, Rich
68.4%
ENIGMATelephone
68.4%
ENIGMAJudas
68.4%
ENIGMAThe Edge of Glory
68.4%
ENIGMAAlejandro
68.4%
ENIGMAMillion Reasons
68.4%
The Monster Ball 1.0Dance in the Dark
63.2%
The Monster Ball 1.0So Happy I Could Die
63.2%
The Monster Ball 1.0Speechless
63.2%
The Monster Ball 2.0Dance in the Dark
63.2%
The Monster Ball 2.0Speechless
63.2%
The Monster Ball 2.0So Happy I Could Die
63.2%
Born This Way BallMarry the Night
63.2%
artRAVE: The ARTPOP BallDo What U Want
63.2%
artRAVE: The ARTPOP BallApplause
63.2%
The Joanne World TourApplause
63.2%
Tour Song % Correct
The Joanne World TourJoanne
63.2%
ENIGMADance in the Dark
63.2%
ENIGMAApplause
63.2%
ENIGMAShallow
63.2%
The Monster Ball 1.0Fashion
57.9%
Born This Way BallHair
57.9%
Born This Way BallAmericano
57.9%
artRAVE: The ARTPOP BallFashion!
57.9%
artRAVE: The ARTPOP BallG.U.Y.
57.9%
artRAVE: The ARTPOP BallDope
57.9%
The Fame BallStarstruck
52.6%
Born This Way BallHighway Unicorn (Road To Love)
52.6%
Born This Way BallBloody Mary
52.6%
Born This Way BallElectric Chapel
52.6%
Born This Way BallHeavy Metal Lover
52.6%
artRAVE: The ARTPOP BallAura
52.6%
artRAVE: The ARTPOP BallSexxx Dreams
52.6%
artRAVE: The ARTPOP BallMary Jane Holland
52.6%
The Joanne World TourA-Yo
52.6%
The Joanne World TourPerfect Illusion
52.6%
The Joanne World TourJohn Wayne
52.6%
The Joanne World TourBloody Mary
52.6%
The Joanne World TourDancin' in Circles
52.6%
ENIGMAAura
52.6%
The Monster Ball 1.0Paper Gangsta
47.4%
Born This Way BallGovernment Hooker
47.4%
Born This Way BallThe Queen
47.4%
artRAVE: The ARTPOP BallDonatella
47.4%
artRAVE: The ARTPOP BallVenus
47.4%
artRAVE: The ARTPOP BallSwine
47.4%
artRAVE: The ARTPOP BallGypsy
47.4%
The Joanne World TourDiamond Heart
47.4%
The Joanne World TourThe Cure
47.4%
ENIGMAGovernment Hooker
47.4%
Born This Way BallBlack Jesus + Amen Fashion
42.1%
Born This Way BallFashion of His Love
42.1%
Born This Way BallBad Kids
42.1%
Born This Way BallScheiße
42.1%
The Joanne World TourScheiße
42.1%
ENIGMAScheiße
42.1%
The Monster Ball 2.0Glitter and Grease
36.8%
The Monster Ball 2.0Vanity
36.8%
artRAVE: The ARTPOP BallMANiCURE
36.8%
The Joanne World TourCome to Mama
36.8%
The Joanne World TourAngel Down
36.8%
Born This Way BallPrincess Die
31.6%
The Fame BallFuture Love
21.1%
ENIGMAI'm Afraid of Americans (David Bowie cover)
15.8%

You're not logged in!

Compare scores with friends on all Sporcle quizzes.
OR
Log In

Sporcle TV

Today on Sporcle TV


Watch our educational content, quiz creation guides, and fun videos on Sporcle TV.

Show Comments

Extras

Created Sep 15, 2019ReportNominate
Tags:Song Quiz, Lady Gaga

Top Quizzes Today


Score Distribution

Your Account Isn't Verified!

In order to create a playlist on Sporcle, you need to verify the email address you used during registration. Go to your Sporcle Settings to finish the process.

Report this User

Report this user for behavior that violates our Community Guidelines.

Details: